000 002390000a22000970004500
100 1 _aAndino, Alexis
245 1 0 _aDesarrollo comunitario a partir de la iglesia
300 _aNúm 31 (1997), Páginas 1
773 0 _tPaso a paso
942 _cANA
999 _c52357
_d52357